| 000 | 00558cam a2200193 4500500 | ||
|---|---|---|---|
| 005 | 20260405003111.0 | ||
| 041 | _afre | ||
| 042 | _adc | ||
| 100 | 1 | 0 |
_aRontard, Yseult _eauthor |
| 245 | 0 | 0 | _aMétamorphoses du travail |
| 260 | _c2020. | ||
| 500 | _a77 | ||
| 690 | _aAndré Gorz | ||
| 690 | _aDécroissance | ||
| 690 | _aTemps | ||
| 690 | _aTravail | ||
| 786 | 0 | _nPhilosophie magazine | 141 | 8 | 2020-08-01 | p. 66-66 | 1951-1787 | |
| 856 | 4 | 1 | _uhttps://shs.cairn.info/magazine-philosophie-magazine-2020-8-page-66?lang=fr&redirect-ssocas=7080 |
| 999 |
_c2064378 _d2064378 |
||